[Event "Let's Play Chess!"]
[Site "http://www.queenalice.com/game.php?id=41402"]
[Date "2005.12.4"]
[Round "-"]
[White "larryb"]
[Black "BVA"]
[Result "1-0"]
[WhiteElo "1468"]
[BlackElo "1421"]

1. d4 d5 2. Nf3 Nc6 3. Nc3 Nf6 4. e3 e5 5. dxe5 Ne4 6. Qxd5 Bd7 7. Qxe4 Bb4 8.
Bd2 O-O 9. O-O-O a5 10. Bb5 Qe7 11. Nd5 Bxd2+ 12. Rxd2 Qc5 13. Be2 Be6 14. Rhd1
Rad8 15. Nxc7 Rxd2 16. Rxd2 Nb4 17. c3 Qxc7 18. Kb1 Nc6 19. Ng5 g6 20. Qh4 Re8
21. Qxh7+ Kf8 22. Qh8+ Ke7 23. Qf6+ Kf8 24. g4 Qe7 25. Qh8# 1-0

[Event "Let's Play Chess!"]
[Site "http://www.queenalice.com/game.php?id=41641"]
[Date "2005.12.5"]
[Round "-"]
[White "larryb"]
[Black "raquca"]
[Result "0-1"]
[WhiteElo "1569"]
[BlackElo "1716"]

1. d4 Nf6 2. Nf3 e6 3. e3 b6 4. b4 Bxb4+ 5. c3 Be7 6. Ba3 O-O 7. Qc1 Bb7 8. Be2
d6 9. Nbd2 Nbd7 10. O-O c5 11. Qc2 Qc7 12. Ng5 h6 13. Nde4 Nxe4 14. Nxe4 Nf6 15.
Nd2 Rac8 16. Nb3 Rfd8 17. Rfd1 cxd4 18. Nxd4 Qxc3 19. Qxc3 Rxc3 20. Nb5 Rcc8 21.
Nxa7 Ra8 22. Nb5 Bc6 23. Rd2 Bxb5 24. Bxb5 Rxa3 25. g3 d5 26. Rc1 Bc5 27. Rdc2
Rda8 28. Bc6 R8a7 29. Ra1 Ne4 30. Bb5 g5 0-1

[Event "Let's Play Chess!"]
[Site "http://www.queenalice.com/game.php?id=42484"]
[Date "2005.12.9"]
[Round "-"]
[White "larryb"]
[Black "buaco"]
[Result "1-0"]
[WhiteElo "1446"]
[BlackElo "1597"]

1. d4 d5 2. Nf3 Nf6 3. e3 c6 4. c4 Bf5 5. c5 Nbd7 6. Bd3 Ne4 7. O-O b6 8. Nh4
Bg6 9. Nd2 Ndf6 10. Ndf3 bxc5 11. dxc5 Rb8 12. Nd4 e5 13. Nxc6 1-0

[Event "Let's Play Chess!"]
[Site "http://www.queenalice.com/game.php?id=42485"]
[Date "2005.12.9"]
[Round "-"]
[White "mauricio_sm"]
[Black "larryb"]
[Result "1-0"]
[WhiteElo "1512"]
[BlackElo "1468"]

1. e4 e5 2. Nf3 Nc6 3. Bb5 Nf6 4. Bxc6 dxc6 5. d3 c5 6. Nxe5 Be6 7. Bg5 h6 8.
Be3 Qd6 9. d4 c4 10. Nc3 Qb4 11. d5 O-O-O 12. Qc1 Ng4 13. dxe6 fxe6 14. Nxg4 1-0

[Event "Let's Play Chess!"]
[Site "http://www.queenalice.com/game.php?id=42888"]
[Date "2005.12.10"]
[Round "-"]
[White "ilardi"]
[Black "larryb"]
[Result "0-1"]
[WhiteElo "1285"]
[BlackElo "1548"]

1. e4 e5 2. Nf3 d6 3. Bc4 Be6 4. Bxe6 fxe6 5. O-O d5 6. Nxe5 Nf6 7. c3 Bd6 8. f4
Nxe4 9. d3 Nf6 10. d4 Nbd7 11. Nd2 Ng4 12. Qxg4 Qf6 13. f5 Nxe5 14. Qh5+ g6 15.
fxg6 Qxg6 16. Qh4 Nd3 17. Rf6 Qg8 18. Nf3 O-O-O 19. Bg5 Bf8 20. Rf1 h6 21. Bf4
Be7 22. Be5 Rh7 23. Qh3 Bxf6 24. Bxf6 Nf4 25. Qg3 Ne2+ 26. Kf2 Nxg3 27. hxg3 Rf8
28. Be5 Qg6 29. Kg1 Rhf7 30. Bf4 Qc2 31. Rf2 Qb1+ 32. Kh2 Qxa2 0-1

[Event "Let's Play Chess!"]
[Site "http://www.queenalice.com/game.php?id=43300"]
[Date "2005.12.13"]
[Round "-"]
[White "larryb"]
[Black "Walter"]
[Result "1-0"]
[WhiteElo "1539"]
[BlackElo "1539"]

1. d4 d5 2. Nf3 e6 3. e3 c5 4. c4 dxc4 5. Bxc4 cxd4 6. Nxd4 e5 7. Qf3 Nf6 8. Ne2
Bg4 9. Qxb7 Nbd7 10. f3 Bf5 11. e4 Be6 12. Bxe6 fxe6 13. Qc6 Qc8 14. Qxe6+ Be7
15. Nbc3 Nc5 16. Qxc8+ 1-0

[Event "Let's Play Chess!"]
[Site "http://www.queenalice.com/game.php?id=44015"]
[Date "2005.12.17"]
[Round "-"]
[White "larryb"]
[Black "buaco"]
[Result "1/2-1/2"]
[WhiteElo "1511"]
[BlackElo "1598"]

1. d4 d5 2. Nf3 Nf6 3. Nc3 g6 4. e3 Bg7 5. Bd3 Bg4 6. h3 Bxf3 7. Qxf3 O-O 8. g4
Re8 9. Bd2 Nc6 10. O-O-O a5 11. g5 Nd7 12. Nxd5 e6 13. Nf6+ 1/2-1/2

[Event "Let's Play Chess!"]
[Site "http://www.queenalice.com/game.php?id=44095"]
[Date "2005.12.18"]
[Round "-"]
[White "larryb"]
[Black "buaco"]
[Result "1/2-1/2"]
[WhiteElo "1507"]
[BlackElo "1602"]

1. d4 Nf6 2. e3 d5 3. c4 c6 4. Nf3 e6 5. Nbd2 Nbd7 6. c5 b6 7. b4 Be7 8. Nb3 O-O
9. Bd3 Re8 10. O-O Rb8 11. Bb2 1/2-1/2

[Event "Let's Play Chess!"]
[Site "http://www.queenalice.com/game.php?id=44096"]
[Date "2005.12.18"]
[Round "-"]
[White "mav40121"]
[Black "larryb"]
[Result "1-0"]
[WhiteElo "1803"]
[BlackElo "1559"]

1. e4 e5 2. Nf3 Nc6 3. Bc4 Bc5 4. O-O Nf6 5. d3 d6 6. h3 Nd4 7. Nxd4 Bxd4 8. c3
Bb6 9. Qe2 h5 10. Be3 Bxe3 11. Qxe3 O-O 12. f4 Qe8 13. fxe5 Qxe5 14. Nd2 d5 15.
Bb3 b5 16. d4 Qd6 17. e5 Qe6 18. Qd3 a6 19. exf6 gxf6 20. Qg3+ Kh8 21. Rae1 Qd6
22. Qh4 Kg7 23. Qxh5 Be6 24. Bc2 Rh8 25. Qf3 c5 26. Qxf6+ Kg8 27. Re5 1-0

[Event "Let's Play Chess!"]
[Site "http://www.queenalice.com/game.php?id=44697"]
[Date "2005.12.22"]
[Round "-"]
[White "MECFIELD"]
[Black "larryb"]
[Result "0-1"]
[WhiteElo "1554"]
[BlackElo "1522"]

1. e4 e5 2. Qf3 Nf6 3. Nc3 Nc6 4. Bc4 Qe7 5. Nd5 Nxd5 6. exd5 Nd4 7. Qd3 Qg5 8.
Nf3 Qxg2 9. Rf1 Nxf3+ 10. Ke2 d6 11. Bb5+ Kd8 12. h3 Nd4+ 13. Ke3 Qf3# 0-1

[Event "Let's Play Chess!"]
[Site "http://www.queenalice.com/game.php?id=45721"]
[Date "2005.12.29"]
[Round "-"]
[White "larryb"]
[Black "mauricio_sm"]
[Result "1-0"]
[WhiteElo "1559"]
[BlackElo "1597"]

1. d4 d5 2. e3 Nf6 3. Nf3 g6 4. Nbd2 Bg7 5. c3 Nc6 6. Qb3 O-O 7. Bd3 b6 8. O-O
e6 9. e4 dxe4 10. Nxe4 Qd5 11. Nxf6+ Bxf6 12. Qxd5 exd5 13. Bf4 Bd8 14. Rfe1 Bg4
15. Bh6 Bf6 16. Bxf8 Kxf8 17. Re3 Bg5 18. Nxg5 f6 19. Ne6+ Bxe6 20. Rxe6 Ne7 21.
Rxf6+ Kg7 22. Re6 Kf7 23. Rae1 Re8 24. c4 c6 25. R1e5 c5 26. cxd5 cxd4 27. d6
Nc6 28. Rxe8 Nxe5 29. Rxe5 Kf6 30. Re8 Kf7 31. d7 h5 32. d8=Q Kg7 33. Re6 Kh6
34. Rxg6+ Kh7 35. Qg8# 1-0

[Event "Let's Play Chess!"]
[Site "http://www.queenalice.com/game.php?id=46128"]
[Date "2006.1.3"]
[Round "-"]
[White "cipripereira"]
[Black "larryb"]
[Result "1-0"]
[WhiteElo "1530"]
[BlackElo "1577"]

1. e4 e5 2. Nf3 Nc6 3. Bc4 f6 4. d4 d6 5. dxe5 Nxe5 6. Nd4 Nxc4 7. Qh5+ g6 8.
Qb5+ Bd7 9. Qxc4 c5 10. Nf3 b5 11. Qe2 Qa5+ 12. Bd2 b4 13. c4 b3 14. Bxa5 1-0

[Event "Let's Play Chess!"]
[Site "http://www.queenalice.com/game.php?id=46129"]
[Date "2006.1.2"]
[Round "-"]
[White "fredofm"]
[Black "larryb"]
[Result "1/2-1/2"]
[WhiteElo "1409"]
[BlackElo "1569"]

1. Nc3 e5 2. e4 Nf6 3. b3 Nc6 4. Nf3 d6 5. Bb5 a6 6. Bxc6+ bxc6 7. O-O Bb7 8. a4
c5 9. Rb1 Nxe4 10. Nxe4 Bxe4 11. Qe2 Bxc2 12. Rb2 Bg6 13. d3 h6 14. g3 Be7 15.
b4 Bg5 16. Nxg5 hxg5 17. bxc5 dxc5 18. Qxe5+ Qe7 19. Qxe7+ Kxe7 20. Re1+ Kd7 21.
Bxg5 Rh5 22. Re7+ Kc6 23. Bf4 Bxd3 24. Rxc7+ Kd5 25. Rd2 Kc4 26. a5 Rd5 27. Rxf7
1/2-1/2

[Event "Let's Play Chess!"]
[Site "http://www.queenalice.com/game.php?id=46435"]
[Date "2006.1.4"]
[Round "-"]
[White "larryb"]
[Black "cipripereira"]
[Result "1-0"]
[WhiteElo "1509"]
[BlackElo "1635"]

1. d4 e6 2. e4 d5 3. Nc3 c6 4. Nf3 f6 5. Be2 dxe4 6. Nxe4 g5 7. h3 h5 8. Nc5 b6
9. O-O bxc5 10. dxc5 g4 11. Nh4 Qa5 12. Ng6 Rh7 13. Nxf8 Kxf8 14. Be3 gxh3 15.
gxh3 Rg7+ 16. Kh1 Rd7 17. Qe1 Qa4 18. Qc1 Qh4 19. Kh2 Na6 20. Rg1 Rf7 21. Qd2 e5
22. Qd8# 1-0

[Event "Let's Play Chess!"]
[Site "http://www.queenalice.com/game.php?id=46791"]
[Date "2006.1.7"]
[Round "-"]
[White "larryb"]
[Black "Edgar"]
[Result "1/2-1/2"]
[WhiteElo "1553"]
[BlackElo "1708"]

1. d4 d5 2. e3 a6 3. Nf3 Nc6 4. c4 e6 5. c5 Nf6 6. Bd3 Be7 7. O-O Ne4 8. Ne5
Nxe5 9. dxe5 Nxc5 10. Bc2 c6 11. b4 Ne4 12. Bxe4 dxe4 13. Qd4 Qxd4 14. exd4 Bxb4
15. Bd2 Bxd2 16. Nxd2 O-O 17. Nxe4 Bd7 18. Rfd1 h6 19. Rab1 b5 20. Rd3 a5 21. h4
b4 22. h5 Rfb8 23. Nc5 Bc8 24. g4 1/2-1/2

[Event "Let's Play Chess!"]
[Site "http://www.queenalice.com/game.php?id=47085"]
[Date "2006.1.9"]
[Round "-"]
[White "larryb"]
[Black "Edgar"]
[Result "0-1"]
[WhiteElo "1559"]
[BlackElo "1691"]

1. d4 d5 2. e3 Nf6 3. Nf3 Bg4 4. h3 Bf5 5. Bd3 Ne4 6. O-O f6 7. Nh4 Be6 8. b3
Bd7 9. Qe1 e6 10. Nc3 Bb4 11. Bb2 Nc6 12. f3 Ng5 13. Qg3 a6 14. f4 Bd6 15. Na4
O-O 16. Nc5 Bc8 17. f5 Bxg3 0-1

[Event "Let's Play Chess!"]
[Site "http://www.queenalice.com/game.php?id=47215"]
[Date "2006.1.10"]
[Round "-"]
[White "hulk"]
[Black "larryb"]
[Result "1-0"]
[WhiteElo "1481"]
[BlackElo "1539"]

1. e4 e5 2. Nf3 d6 3. Nc3 Nf6 4. Bc4 c6 5. d4 Qe7 6. d5 c5 7. Bb5+ Nbd7 8. O-O
a6 9. Bc4 Qd8 10. Bg5 Be7 11. h3 Nb6 12. Be2 h6 13. Bxf6 Bxf6 14. a3 O-O 15. b4
Bh4 16. g3 Qf6 17. gxh4 Bxh3 18. Re1 Qg6+ 19. Ng5 hxg5 20. h5 Qf6 21. Bg4 1-0

[Event "Let's Play Chess!"]
[Site "http://www.queenalice.com/game.php?id=48015"]
[Date "2006.1.15"]
[Round "-"]
[White "larryb"]
[Black "renard77"]
[Result "0-1"]
[WhiteElo "1553"]
[BlackElo "1601"]

1. d4 Nc6 2. e4 e5 3. d5 Nce7 4. Nf3 Ng6 5. g3 Bc5 6. Bg5 f6 7. Bh4 d6 8. Nc3 a6
9. Qd2 Bg4 10. Be2 Nh6 11. O-O-O Bh3 12. Bf1 Bg4 13. Bg2 O-O 14. h3 Bxf3 15.
Bxf3 Nf7 0-1

[Event "Let's Play Chess!"]
[Site "http://www.queenalice.com/game.php?id=48016"]
[Date "2006.1.15"]
[Round "-"]
[White "renard77"]
[Black "larryb"]
[Result "1-0"]
[WhiteElo "1623"]
[BlackElo "1521"]

1. d4 d5 2. Nc3 Nf6 3. e4 Nxe4 4. Nxe4 dxe4 5. f3 Nc6 6. fxe4 Nxd4 7. Bd3 e5 8.
Nf3 c5 9. O-O Be7 10. Nxe5 O-O 11. c3 Ne6 12. Qf3 Ng5 13. Qh5 f6 14. Ng4 Qxd3
15. Bxg5 Qxe4 16. Rae1 Qc2 17. Rf2 Qg6 18. Qxg6 1-0